Online Catalogue and eLibrary

The idea of culture / (Record no. 261)

MARC details
000 -LEADER
fixed length control field 00602cam a22002294a 4500
001 - CONTROL NUMBER
control field 11820147
005 - DATE AND TIME OF LATEST TRANSACTION
control field 20240201052825.0
008 - FIXED-LENGTH DATA ELEMENTS--GENERAL INFORMATION
fixed length control field 991026s2000 mau b 001 0 eng
020 ## - INTERNATIONAL STANDARD BOOK NUMBER
ISBN 063121965X (hb : acidfree paper)
020 ## - INTERNATIONAL STANDARD BOOK NUMBER
ISBN 0631219668 (pb : acidfree paper)
040 ## - CATALOGING SOURCE (பட்டியலாக்க மூலம்)
Original cataloging agency DLC
Transcribing agency DLC
Modifying agency DLC
082 00 - DDC Classification
Class No. 306
DDC Edition Number 21
Item Number - Author Mark TERR.
100 1# - MAIN ENTRY--PERSONAL NAME
Personal name Eagleton, Terry,
245 14 - TITLE STATEMENT
Title The idea of culture /
Statement of responsibility, etc. Terry Eagleton.
260 ## - PUBLICATION, DISTRIBUTION, ETC.
Place of publication, distribution, etc. Malden, MA :
Name of publisher, distributor, etc. Blackwell,
Date of publication, distribution, etc. 2000.
300 ## - PHYSICAL DESCRIPTION
Extent (e.g. Volumes, Pages etc.) 156 p. ;
650 #0 - SUBJECT ADDED ENTRY--TOPICAL TERM
Topical term or geographic name entry element Culture.
650 #0 - SUBJECT ADDED ENTRY--TOPICAL TERM
Topical term or geographic name entry element Postmodernism.
650 #0 - SUBJECT ADDED ENTRY--TOPICAL TERM
Topical term or geographic name entry element Civilization.
650 #0 - SUBJECT ADDED ENTRY--TOPICAL TERM
Topical term or geographic name entry element Nature.
942 ## - Koha item type (Biblio)
Koha item type Books in Stacks (Lending)
Holdings
Lost status Damaged status Collection code Home library Current library Date acquired Full call number Accession Number Item type
    Lending WERC Library WERC Library 02/01/2024 306 TERR. 4266 Books in Stacks (Lending)

© WERC Library